| 000 | 00000nas 2200000za 4500 |
| 001 | 9.856044 |
| 003 | CaOODSP |
| 005 | 20251127112030 |
| 007 | cr ||||||||||| |
| 008 | 180501c20029999oncar p o f0###a0eng|d |
| 040 | |aCaOODSP|beng|erda|cCaOODSP |
| 043 | |an-cn--- |
| 086 | 1 |aNG1-5E-PDF |
| 110 | 2 |aNational Gallery of Canada.|eauthor, |eissuing body. |
| 245 | 10|aSummary of the corporate plan and operating and capital budget ... to ... / |cNational Gallery of Canada and its affiliate Canadian Museum of Contemporary Photography. |
| 246 | 1 |aSummary of the corporate plan and operating and capital budgets for ... to ... |f2004/2005 to 2008/2009-2009/2010 to 2013/2014 |
| 246 | 12|aCapital and operating budget |f2007/2008 |
| 246 | 1 |aSummary of the corporate plan for ... to ... and operating and capital budgets for ... |g(varies slightly) |f2010/2011 to 2014/2015- |
| 264 | 1|aOttawa : |bNational Gallery of Canada, |c[2002]- |
| 310 | |aAnnual |
| 362 | 1 |aBegan with 2002/2003 to 2006/2007. |
| 500 | |aCover title. |
| 500 | |aIssued also in French under title: Sommaire du plan d'entreprise de ... à ... et budgets de fonctionnement et d'immobilisations de ... . |
| 550 | |aIssues for 2010/2011 to 2014/2015- published by the National Gallery of Canada only. |
| 588 | 0 |aDescription based on: 2002/2003 to 2006/2007. |
| 588 | 1 |aLatest issue consulted: 2022/2023 to 2026/2027. |
| 610 | 20|aNational Gallery of Canada|xAppropriations and expenditures|vPeriodicals. |
| 610 | 20|aNational Gallery of Canada|xPlanning|vPeriodicals. |
| 650 | 0|aArt museums|xPlanning|zCanada|vPeriodicals. |
| 655 | 7|aPeriodicals|2lcgft |
| 710 | 2 |aCanadian Museum of Contemporary Photography, |e author, |eissuing body. |
| 775 | 08|tSommaire du plan d'entreprise et budgets de fonctionnement et d'immobilisations de ... à ... / |w(CaOODSP)9.856065 |